000 00814nam a2200229 a 4500
001 80979
003 BD-RjUL
005 20221218123426.0
008 221221s1984 ua 000 0 ara d
035 _a(BD-RjUL)80979
040 _aNNL
_bara
_cBD-RjUL
041 _aurd
082 _223
_a297.74
_bIBT 1984
100 1 _aIbrahim, Abu Muhammad ابراهيم, ابو محمد
_96344
245 1 0 _a طريق النجاة في ترجمه الصحاح من المشكوة tariq alnajat fi tarjamih alsihah min almashkuati /
_cAbu Muhammad Ibrahim ابو محمد ابراهيم
250 _a5th ed.
260 _a[القاهرة] :
_bدار الاعتصام،
_c[١٩٨٤].
300 _a316 p. ;
_c23 cm
650 4 _aReligious life
_xIslam
650 4 _aDaʻwah (Islam)
_96345
942 _2ddc
_cBK
999 _c80979
_d80979